000 04865cam a22013214i 4500
003 PE-LiUPU
005 20250813185632.0
008 150706s2007 pe r 000 0 spa d
020 _a9789972607127
035 _a(Sirsi) i9789972607127
040 _aPE-LiUPU
_bspa
_cPE-LiUPU
_erda
049 _aPRUA
082 0 4 _a343.071
_bD97
_221
100 1 _aDurand Carrión, Julio Baltazar,
_eautor.
245 1 0 _aTratado de derecho del consumidor en el Perú :
_bdoctrina, legislación, instituciones, jurisprudencia internacional, nuevas perspectivas de desarrollo /
_cJulio Baltazar Durand Carrión .
264 1 _aLima :
_bUniversidad de San Martín de Porres,Fondo Editorial,
_c2007.
300 _a744 páginas ;
_c24 cm.
336 _atext
_2rdacontent
337 _aunmediated
_2rdamedia
338 _avolume
_2rdacarrier
500 _a"Doctrina. Legislación. Instituciones. Jurisprudencia internacional. Nuevas perspectivas de desarrollo" -- Cubierta .
504 _aIncluye bibliografía.
505 0 _aNaturaleza jurídica del derecho del consumidor -- Determinación del derecho del consumidor como disciplina jurídica autónoma -- Las escuelas del derecho en la construcción del derecho del consumidor como disciplina jurídica autónoma -- La protección del consumidor en el sistema jurídico -- El derecho del consumidor y sus efectos en el derecho civil -- El interés de los consumidores y su relevancia jurídica -- Las marcas y la protección del consumidor -- La comunidad de consumidores y su organización -- La protección del consumidor en el contexto jurídico internacional.
526 _aP202
526 _aP201
526 _aP163
526 _aP162
526 _aP161
526 _aP160
526 _aP148
526 _aP147
526 _aP146
526 _aP145
526 _aP144
526 _aP143
526 _aP142
526 _aP141
526 _aP140
526 _aP139
526 _aP138
526 _aP137
526 _aP136
526 _aP135
526 _aP134
526 _aP133
526 _aP129
526 _aP128
526 _aP127
526 _aP120
526 _aP119
526 _aP118
526 _aP116
526 _aP115
526 _aP114
526 _aP110
526 _aP109
526 _aP108
526 _aP104
526 _aP103
526 _aP102
526 _aP99
526 _aP98
526 _aP97
526 _aP96
526 _aP95
526 _aP93
526 _aP90
526 _aP89
526 _aP88
526 _aP83
526 _aP82
526 _aP62
526 _aP59
526 _aP58
526 _aP57
526 _aP51
526 _aP49
526 _aP48
526 _aP47
526 _aP29
526 _aP24
526 _aP20
526 _aP19
526 _aP17
526 _aP15
526 _aP14
526 _aP12
526 _aP10
526 _aP09
526 _aP08
526 _aP07
526 _aP06
526 _aP05
526 _aP04
526 _aP01
541 _g001-000077;
541 _g001-000063;
541 _g001-000063;
541 _g001-000063;
650 0 4 _aProtección de los consumidores
_xDerecho y legislación
_zPerú
910 _agl
_cng
_d20131010
942 _2ddc
_cBOOK
949 _a343.071 D97
_wDEWEY
_c1
_i68848
_lCCODEBUL1
_mBUL
_p39.00
_r0
_sY
_tBOOK
_u2015-7-6
_xFCE
_PP08
_o.STAFF. Colección General
949 _a343.071 D97
_wDEWEY
_c2
_i68625
_lCCODEBUL1
_mBUL
_p39.00
_r0
_sY
_tBOOK
_u2015-7-6
_xFCE
_PP47
_o.STAFF. Colección General
949 _a343.071 D97
_wDEWEY
_c3
_i68626
_lCCODEBUL1
_mBUL
_p39.00
_r0
_sY
_tBOOK
_u2015-7-6
_xFCE
_PP47
_o.STAFF. Colección General
949 _a343.071 D97
_wDEWEY
_c4
_i68627
_lCCODEBUL1
_mBUL
_p39.00
_r0
_sY
_tBOOK
_u2015-7-6
_xFCE
_PP47
_o.STAFF. Colección General
994 _aC0
_bPEPRU
596 _a1
999 _a343.071 D97
_wDEWEY
_c55923
_i68848
_d55923
_e2017-3-8
_f2021-11-5
_g6
_lCCODEBUL1
_mBUL
_n1
_p39.00
_r0
_sY
_tBOOK
_u2015-7-6
_xFCE
_PP08
_0COMPRA
_o.STAFF. Colección General
999 _a343.071 D97
_wDEWEY
_c2
_i68625
_f2021-11-5
_g6
_lCCODEBUL1
_mBUL
_p39.00
_r0
_sY
_tBOOK
_u2015-7-6
_xFCE
_PP47
_0COMPRA
_o.STAFF. Colección General
999 _a343.071 D97
_wDEWEY
_c3
_i68626
_d2015-8-20
_e2015-8-19
_f2021-11-5
_g6
_lCCODEBUL1
_mBUL
_n1
_p39.00
_r0
_sY
_tBOOK
_u2015-7-6
_xFCE
_PP47
_0COMPRA
_o.STAFF. Colección General
999 _a343.071 D97
_wDEWEY
_c4
_i68627
_d2018-10-29
_f2021-11-5
_g6
_lCCODEBUL1
_mBUL
_p39.00
_q2
_r0
_sY
_tBOOK
_u2015-7-6
_xFCE
_PP47
_0COMPRA
_o.STAFF. Colección General
980 _81
_gALBERTO SANCHEZ Responsable de Automatización